Statistiques concernant Drapeaux des pays qui bordent la Chine - une minute sprint

Cliquez ici pour prendre le quiz!

Statistiques générales

  • Ce quiz a été pris 65 fois
  • Le résultat moyen est 11 sur 14

Statistiques - réponses

drapeau pays % Correct
Inde
97%
Russie
97%
Népal
93%
Viêt Nam
88%
Bhoutan
83%
Afghanistan
77%
Laos
77%
Corée du Nord
75%
Pakistan
72%
Mongolie
72%
Kazakhstan
67%
Kirghizistan
58%
Birmanie
53%
Tadjikistan
48%

Distribution des résultats

Percentile par nombre de réponses

% des personnes avec chaque résultat

Votre développement - résultats

Vous n’avez pas pris ce quiz